000
00260nam a22001097a 4500
082
_a
624.171
_b
RED
100
_a
C.S.Reddy
245
_a
Basic Structural Analysis.
300
_a
778
942
_2
ddc
_c
BK
999
_c
586348
_d
586348